00665 a2200217 4500001000700000003000400007005001700011008004100028020001500069040001000084082001400094100002100108245008100129260004000210300001000250690002600260700001800286942001200304999000900316952012200325000470OSt20210915150150.0  a817319064X cCURAJ a515bS51F1 aSomasundaram, D.1 aA first course in mathematical analysiscby D. Somasundaram and B. Choudhary aNew DelhibNarosa Publicationc2009 a606p. aMathematical analysis aChoudhary, B. 2ddccBK c7d7 00102ddc40708TXBaCURAJbCURAJd2010-09-28eMTHg210.00l3o515 S51Fp462r2025-08-25s2025-08-12w2020-09-02yBK